000 00941nam a22002657a 4500
005 20240530110500.0
008 150627s2012 jo g b 000 0 ara d
017 _a2011/7/3858
040 _aEG-CaGPL
082 0 4 _221
_a302.23\
_bع ت
100 0 _aعبدالرازق محمد الدليمى
245 1 2 _aالتخطيط الاعلامى /
_cعبدالرازق محمد الدليمى .
246 _aMedia Planning
250 _aط1.
260 _aعمان :
_bدار المسيرة للنشر والتوزيع و الطباعة ،
_c2012 .
300 _a311 ص ؛
_c24 سم.
650 0 4 _aالاعلام
650 0 4 _aالتخطيط الاعلامى
_xالدولة العربية
650 0 4 _aوسائل الاعلام
650 0 4 _aالاتصال
650 0 4 _aالتخطيط الاعلامى
650 0 4 _aالاعلام
_xفلسفة و نظريات
942 _2ddc
_cBK
999 _c61452
_d61452